Caricamento...

Principles of political economy and taxation /

Dettagli Bibliografici
Autore principale: Ricardo, David
Lingua:Undetermined
Pubblicazione: 1957.
Serie:Everyman's library, Science
LEADER 00449nam a2200133Ia 4500
001 102179
008 170722s9999 xx 000 0 und d
100 |a Ricardo, David 
245 |a Principles of political economy and taxation / 
260 |c 1957. 
490 |a Everyman's library, Science 
942 |c GEN 
999 |c 53836  |d 53836 
952 |0 0  |1 0  |4 0  |6 XXL_72_000000000000000_E11  |7 0  |8 LC1  |9 76571  |a LIB  |b LIB  |d 2017-08-12  |h LC1  |o XxL72 E1;1  |p 73592  |r 2017-08-12  |w 2017-08-12  |y GEN